Postavenie obcí v procese reformy miestnej verejnej správy
Reforma miestnej samosprávy. Kritériá začleňovania obcí do okresov. Utváranie predpokladov na odovzdávanie kompetencií vyšším územným samosprávnym celkom. Utváranie predpokladov na odovzdávanie kompetencií obciam.
Salvato in:
| Autore principale: | |
|---|---|
| Natura: | Capitolo di libro |
| Lingua: | slovacco |
| Soggetti: | |
| Tags: |
Nessun Tag, puoi essere il primo ad aggiungerne!!
|
MARC
| LEADER | 00000naa a2200000 4500 | ||
|---|---|---|---|
| 001 | r025019 | ||
| 005 | 20230925121722.1 | ||
| 041 | 0 | |a slo | |
| 044 | |a SK | ||
| 245 | 1 | 0 | |a Postavenie obcí v procese reformy miestnej verejnej správy |c Erika Neubauerová |
| 520 | |a Reforma miestnej samosprávy. Kritériá začleňovania obcí do okresov. Utváranie predpokladov na odovzdávanie kompetencií vyšším územným samosprávnym celkom. Utváranie predpokladov na odovzdávanie kompetencií obciam. | ||
| 610 | 2 | 0 | |a samospráva |
| 610 | 2 | 0 | |a obce |
| 610 | 2 | 0 | |a reformy |
| 610 | 2 | 0 | |a kompetencie |
| 610 | 2 | 0 | |a obce |
| 610 | 2 | 0 | |a správa miestna |
| 610 | 2 | 0 | |a vyššie územné celky |
| 100 | 1 | |a Neubauerová, Erika, 1968- | |